Logo BPK

Biblioteka

Politechniki Koszalińskiej

Geist der Goethezeit : (Rekord nr 50307)

Szczegóły MARC
000 -ETYKIETA REKORDU
podpole kontrolne o stałej długości 00576nam a2200193 i 4500
001 - NUMER KONTROLNY REKORDU
pole kontrolne bgj
040 ## - ŹRÓDŁO KATALOGOWANIA
Instytucja, która utworzyła rekord BPK
041 0# - KOD JĘZYKA
Kod języka tekstu ger
044 ## - KOD KRAJU WYDAWCY/PRODUCENTA
Kod kraju wydawcy/producenta DEU
080 ## - UNIWERSALNA KLASYFIKACJA DZIESIĘTNA - UKD
UKD 821.112.2
008 - POLE O STAŁEJ DŁUGOŚCI - DANE KONTROLNE
podpole kontrolne o stałej długości s gw f |000 0 ger
100 1# - NAZWA OSOBOWA
Nazwa osobowa KORFF, H. A.
245 10 - TYTUŁ/ODPOWIEDZIALNOŚĆ
Tytuł Geist der Goethezeit :
Ciąg dalszy tytułu Versuch einer ideellen Entwicklung der klassich-romantischen Literaturgeschichte ;
Pozostałe elementy strefy tytułu i oznaczenia odpowiedzialności H. A. Korff.
Oznaczenie części/sekcji dzieła Bd. 3,
Tytuł części/sekcji dzieła Frühromantik /
250 ## - STREFA WYDANIA
Oznaczenie wydania 3. Aufl.
260 ## - STREFA ADRESU WYDAWNICZEGO
Miejsce wydania Leipzig :
Nazwa wydawcy/dystrybutora Koehler und Amelang,
Data publikacji, dystrybucji/powstania dokumentu 1956.
300 ## - STREFA OPISU FIZYCZNEGO
Objętość XIII, 596 s. ;
Rozmiary 24 cm.
650 9# - HASŁO PRZEDMIOTOWE W FORMIE NAZWY OGÓLNEJ LUB JEDNOSTKOWEJ
Nazwa ogólna lub geograficzna Literatura niemiecka
856 ## - LOKALIZACJA I DOSTĘP DO ELEKTRONICZNYCH DOKUMENTÓW ZDALNYCH
Link (URL) http://koha.tu.koszalin.pl/cgi-bin/koha/opac-detail.pl?biblionumber=50307
Tekst linku Katalog online BPK
942 ## - DODATKOWE ELEMENTY (KOHA)
Typ dokumentu Książka
Egzemplarze
Wycofany Status egzemplarza Uszkodzony Dostępność Lokalizacja stała Lokalizacja bieżąca Miejsce przechowywania Sygnatura Kod kreskowy Typ dokumentu
      Tylko na miejscu Biblioteka Politechniki Koszalińskiej Biblioteka Politechniki Koszalińskiej Czytelnia Wydziałowa ul. Kwiatkowskiego 6e N 198 02121376 Książka
© 2023 Biblioteka Politechniki Koszalińskiej :: KOHA